[Event "Russian Championship B13 1st league 2016"]
[Site "Loo"]
[Date "2016.04.28"]
[Round "9.35"]
[White "Voropaev, Fedor"]
[Black "Tishkin, Boris"]
[Result "0-1"]
[WhiteElo "1740"]
[BlackElo "1561"]
[PlyCount "56"]
[EventDate "2016.04.20"]

1. d4 f5 2. c4 e6 3. Nc3 Nf6 4. Bf4 d5 5. e3 c6 6. Bd3 Be7 7. Qc2 O-O 8. Nf3
Ne4 9. Nd2 Nd7 10. f3 Nxd2 11. Qxd2 Nf6 12. O-O-O dxc4 13. Bxc4 b5 14. Bb3 a5
15. Qd3 a4 16. Bc2 Ba6 17. Qd2 Bb4 18. Bg5 a3 19. b3 Qa5 20. Bxf6 Rxf6 21. g4
Bxc3 22. Qd3 b4 23. g5 Rff8 24. Qxc3 bxc3 25. Bd3 Bxd3 26. Rxd3 Qb5 27. Rxc3
Qe2 28. f4 Qb2+ 0-1

[Event "Russian Championship B13 1st league 2016"]
[Site "Loo"]
[Date "2016.04.28"]
[Round "9.36"]
[White "Konovalov, Artem"]
[Black "Traschenko, Damir"]
[Result "1/2-1/2"]
[WhiteElo "1497"]
[BlackElo "1733"]
[PlyCount "104"]
[EventDate "2016.04.20"]

1. d4 d5 2. Nf3 Nf6 3. Bf4 e6 4. e3 Bd6 5. Bxd6 Qxd6 6. c3 Nbd7 7. Bd3 c5 8.
O-O O-O 9. Nbd2 c4 10. Bc2 b5 11. e4 dxe4 12. Nxe4 Nxe4 13. Bxe4 Rb8 14. Qe2
Nf6 15. Bc2 a5 16. Rad1 Ba6 17. Ne5 Qd5 18. a3 b4 19. axb4 axb4 20. Ra1 Bb5 21.
Ba4 bxc3 22. bxc3 Rfc8 23. Bxb5 Qxb5 24. Ra7 Rb7 25. Rxb7 Qxb7 26. Ra1 h6 27.
Qf3 Qxf3 28. Nxf3 Ne4 29. Rc1 Rb8 30. g3 f6 31. Rc2 Rb3 32. Re2 f5 33. Nd2 Rb2
34. Rxe4 fxe4 35. Nxe4 Rc2 36. Kg2 Kf8 37. Kh3 Ke7 38. Kg4 Kd7 39. h4 Kc6 40.
Kf4 Kd5 41. g4 Re2 42. f3 Ra2 43. g5 h5 44. Ng3 Rh2 45. Nxh5 Rxh4+ 46. Kg3 Rxh5
47. Kg4 g6 48. f4 Rh1 49. f5 exf5+ 50. Kf4 Rc1 51. Ke3 Rxc3+ 52. Kf4 Kxd4
1/2-1/2

[Event "Russian Championship B13 1st league 2016"]
[Site "Loo"]
[Date "2016.04.28"]
[Round "9.37"]
[White "Filatov, Georgy"]
[Black "Tsybulkin, Ivan"]
[Result "1/2-1/2"]
[WhiteElo "1545"]
[BlackElo "1685"]
[PlyCount "90"]
[EventDate "2016.04.20"]

1. Nf3 f5 2. g3 Nf6 3. Bg2 g6 4. d3 Bg7 5. Nbd2 O-O 6. O-O d6 7. e4 e5 8. c3
Nc6 9. b4 a6 10. Bb2 h6 11. Nh4 Qe8 12. a4 Ne7 13. Qb3+ Kh8 14. b5 f4 15. h3 g5
16. Nhf3 Qh5 17. g4 Qg6 18. d4 exd4 19. cxd4 h5 20. e5 Nh7 21. Nh2 dxe5 22.
dxe5 axb5 23. axb5 Rxa1 24. Bxa1 c6 25. Be4 Qh6 26. Qd3 Be6 27. Ndf3 cxb5 28.
Qxb5 hxg4 29. hxg4 Nc6 30. Qb1 Bg8 31. Qxb7 Na5 32. Qb1 Nc4 33. Qd3 Re8 34.
Bxh7 Qxh7 35. Qxh7+ Bxh7 36. Nxg5 Nxe5 37. Bxe5 Bxe5 38. Re1 Bg6 39. Nhf3 Bb8
40. Rxe8+ Bxe8 41. Kh2 Bd7 42. Nf7+ Kg7 43. N7e5 Bc8 44. Kh3 Kf6 45. Nd3 Bb7
1/2-1/2

[Event "Russian Championship B13 1st league 2016"]
[Site "Loo"]
[Date "2016.04.28"]
[Round "9.38"]
[White "Goryachev, Ivan"]
[Black "Klykov, Georgy"]
[Result "1/2-1/2"]
[WhiteElo "1670"]
[BlackElo "1519"]
[PlyCount "88"]
[EventDate "2016.04.20"]

1. e4 e6 2. d4 d5 3. Nc3 dxe4 4. Nxe4 Nd7 5. Nf3 Ngf6 6. Bd3 Nxe4 7. Bxe4 Nf6
8. Bd3 c5 9. O-O cxd4 10. Bb5+ Bd7 11. Bxd7+ Qxd7 12. Qxd4 Qxd4 13. Nxd4 O-O-O
14. Nf3 Bc5 15. Bg5 h6 16. Bh4 g5 17. Bg3 Ne4 18. Ne5 Rhf8 19. Rfd1 f5 20. Kh1
f4 21. f3 Nxg3+ 22. hxg3 fxg3 23. c3 Rf5 24. Rxd8+ Kxd8 25. Rd1+ Kc7 26. Nd3
Rd5 27. b3 Ba3 28. Kg1 Bc5+ 29. Kf1 Kd6 30. Ke2 b5 31. Rh1 a5 32. Rxh6 Bg1 33.
Rh3 Bh2 34. Ke3 Bg1+ 35. Ke4 Bf2 36. a3 a4 37. b4 Rf5 38. Rh5 Rd5 39. Rh8 Kc7
40. Rh7+ Kd6 41. Rh8 Kc7 42. Rh6 Kd6 43. Rh7 Rf5 44. Rb7 Kc6 1/2-1/2

[Event "Russian Championship B13 1st league 2016"]
[Site "Loo"]
[Date "2016.04.28"]
[Round "9.39"]
[White "Tsymbal, Evgeny"]
[Black "Zhuk, Kirill"]
[Result "1/2-1/2"]
[WhiteElo "1652"]
[BlackElo "1515"]
[PlyCount "137"]
[EventDate "2016.04.20"]

1. d4 d5 2. Nf3 Nf6 3. e3 c5 4. dxc5 e6 5. c4 Bxc5 6. Nc3 dxc4 7. Qxd8+ Kxd8 8.
Bxc4 Nc6 9. O-O Ke7 10. a3 a6 11. b4 Bd6 12. Bb2 b5 13. Bb3 Bb7 14. Rad1 Rad8
15. Rfe1 Bc7 16. Ne2 Rxd1 17. Rxd1 Rd8 18. Ned4 Nxd4 19. Nxd4 Bd5 20. Bxd5 Rxd5
21. Rc1 Kd7 22. Nb3 Bb6 23. Bd4 Bxd4 24. exd4 Rd6 25. Nc5+ Ke7 26. Nb3 Kd7 27.
Kf1 Nd5 28. Nc5+ Ke7 29. Nb7 Rd7 30. Nc5 Rd6 31. Ne4 Rb6 32. g3 Kd7 33. Rc5 h6
34. Ke2 Rc6 35. Kd3 Kc7 36. f4 Rxc5 37. dxc5 Kd7 38. Nd6 f6 39. Kd4 Ne7 40. h3
Nc6+ 41. Kc3 Ne7 42. Kb3 Nd5 43. a4 Nc7 44. g4 Ke7 45. h4 Kd7 46. g5 hxg5 47.
hxg5 f5 48. axb5 axb5 49. Nf7 Nd5 50. Ne5+ Kc7 51. Nd3 g6 52. Kc2 Ne7 53. Kc3
Kb7 54. Kd4 Nc6+ 55. Ke3 Ne7 56. Kf3 Kc7 57. Ke3 Kb7 58. Kd4 Nc6+ 59. Kc3 Ne7
60. Kb3 Kc7 61. Ne5 Kb7 62. c6+ Kc7 63. Kc2 Nd5 64. Nxg6 Nxb4+ 65. Kc3 Nxc6 66.
Nh4 Ne7 67. Ng2 Kd6 68. Kb4 e5 69. fxe5+ 1/2-1/2

[Event "Russian Championship B13 1st league 2016"]
[Site "Loo"]
[Date "2016.04.28"]
[Round "9.40"]
[White "Fonichkin, Egor"]
[Black "Mikiev, Klim"]
[Result "1-0"]
[WhiteElo "1631"]
[BlackElo "1466"]
[PlyCount "101"]
[EventDate "2016.04.20"]

1. d4 d5 2. Nc3 Nf6 3. Bg5 e6 4. e4 h6 5. Bxf6 gxf6 6. exd5 exd5 7. Qe2+ Be6 8.
g3 Qd7 9. a3 Nc6 10. O-O-O O-O-O 11. Bg2 Re8 12. Qd3 Bg7 13. Nge2 Bf5 14. Qb5
Bg4 15. Bxd5 Bxe2 16. Nxe2 f5 17. Bxc6 bxc6 18. Qa6+ Kb8 19. Rd3 Ka8 20. Rb3
Rb8 21. Rxb8+ Rxb8 22. Qc4 Rb5 23. c3 Rb6 24. Rd1 Qe7 25. Nf4 Bf8 26. Qe2 Qd8
27. Re1 Qb8 28. b4 Bd6 29. Qe8 f6 30. Qf7 Rxb4 31. axb4 Qb5 32. Qb3 Kb7 33. Kc2
Qa6 34. c4 Bxf4 35. gxf4 h5 36. b5 cxb5 37. Qxb5+ Qxb5 38. cxb5 h4 39. Re6 h3
40. Rxf6 a5 41. bxa6+ Ka7 42. Rxf5 c5 43. Rxc5 Kb8 44. f5 Ka7 45. f6 Kb6 46. f7
Kxa6 47. f8=Q Ka7 48. Qd6 Kb7 49. Qc6+ Kb8 50. Rb5+ Ka7 51. Qb7# 1-0

[Event "Russian Championship B13 1st league 2016"]
[Site "Loo"]
[Date "2016.04.28"]
[Round "9.41"]
[White "Karnaukhov, Evgenii"]
[Black "Lebedev, Nikita"]
[Result "0-1"]
[WhiteElo "1452"]
[BlackElo "1629"]
[PlyCount "56"]
[EventDate "2016.04.20"]

1. e4 c5 2. d4 cxd4 3. c3 Nc6 4. cxd4 d5 5. e5 Qb6 6. Nf3 Bg4 7. Nc3 e6 8. Bb5
Bxf3 9. gxf3 Nge7 10. Be3 Nf5 11. Rc1 Bb4 12. Qa4 O-O 13. Bxc6 bxc6 14. Qd1
Bxc3+ 15. bxc3 Rab8 16. O-O Nxe3 17. fxe3 f6 18. f4 fxe5 19. fxe5 Rxf1+ 20.
Qxf1 Qb2 21. Rd1 Qxc3 22. Qf3 Rf8 23. Qh3 Rf5 24. Rb1 h6 25. Rb7 Qe1+ 26. Kg2
Qf1+ 27. Kg3 Rf3+ 28. Kg4 Qxh3# 0-1

[Event "Russian Championship B13 1st league 2016"]
[Site "Loo"]
[Date "2016.04.28"]
[Round "9.42"]
[White "Kazakov, Gleb"]
[Black "Aralovetc, Mikhail"]
[Result "1/2-1/2"]
[WhiteElo "1447"]
[BlackElo "1625"]
[PlyCount "147"]
[EventDate "2016.04.20"]

1. e4 c5 2. Nf3 Nc6 3. d4 cxd4 4. Nxd4 Nf6 5. f3 d6 6. c4 e6 7. Nc3 Be7 8. Be2
a6 9. Be3 Bd7 10. O-O O-O 11. b3 Re8 12. Re1 Qc7 13. Bf1 Rac8 14. Rc1 Qb8 15.
Qd2 Na7 16. Qf2 Nc6 17. Nc2 Rf8 18. h3 Ne8 19. Red1 Bf6 20. Ne2 Be7 21. Rd2 Nf6
22. Bf4 Rcd8 23. Rcd1 Bc8 24. c5 e5 25. Be3 Be6 26. cxd6 Rxd6 27. Nc3 Rfd8 28.
Na4 Rxd2 29. Rxd2 Rxd2 30. Qxd2 b5 31. Nc5 Qc8 32. Nxe6 Qxe6 33. g3 h6 34. Bg2
Nh7 35. f4 Bd6 36. Ne1 Bb4 37. Qd1 Nf6 38. f5 Qe7 39. Nd3 Qd6 40. Qc2 Nd4 41.
Qf2 Nf3+ 42. Qxf3 Qxd3 43. Kh2 Bc3 44. Bg1 Qc2 45. Qf2 Qb1 46. Qe2 Bb2 47. a4
bxa4 48. bxa4 a5 49. Qc4 Qe1 50. Qc2 Qb4 51. Qc6 Qb3 52. g4 Bc3 53. Kh1 Qb2 54.
Kh2 Bd2 55. Bf2 Qb1 56. Qc4 Bf4+ 57. Bg3 Be3 58. Qf1 Qb2 59. Qc4 Qa1 60. Bf1
Bd4 61. Qb5 Nxe4 62. Qe8+ Kh7 63. Qxf7 Qxa4 64. Qg6+ Kh8 65. g5 Nxg5 66. f6
Qa2+ 67. Kh1 Qf7 68. fxg7+ Qxg7 69. Qe8+ Qg8 70. Bxe5+ Bxe5 71. Qxe5+ Qg7 72.
Qe8+ Qg8 73. Qe5+ Qg7 74. Qe8+ 1/2-1/2

[Event "Russian Championship B13 1st league 2016"]
[Site "Loo"]
[Date "2016.04.28"]
[Round "9.43"]
[White "Maximov, Mihail"]
[Black "Bukatin, Arseny"]
[Result "1/2-1/2"]
[WhiteElo "1450"]
[BlackElo "1620"]
[PlyCount "81"]
[EventDate "2016.04.20"]

1. e4 e5 2. Nf3 Nc6 3. Bc4 Nf6 4. d4 exd4 5. O-O Be7 6. Nxd4 Nxd4 7. Qxd4 d6 8.
Nc3 O-O 9. f4 b6 10. Be3 Bb7 11. Qd3 a6 12. a4 Nd7 13. Nd5 Nf6 14. Nc3 Qd7 15.
Nd5 Nxd5 16. Bxd5 Bxd5 17. Qxd5 Qe6 18. c4 Bf6 19. Qxe6 fxe6 20. Rab1 a5 21. b3
g6 22. Rbd1 e5 23. g3 Kg7 24. fxe5 Bxe5 25. Bf4 Rae8 26. Bxe5+ Rxe5 27. Rxf8
Kxf8 28. Re1 Kf7 29. Kf2 Re7 30. Ke3 Ke6 31. Kf4 h6 32. Ke3 Rf7 33. Rd1 c6 34.
h3 Ke5 35. Rd4 Rf1 36. Rd3 Re1+ 37. Kf3 Rxe4 38. Rxd6 Kxd6 39. Kxe4 Ke6 40. Kd4
c5+ 41. Ke4 1/2-1/2

[Event "Russian Championship B13 1st league 2016"]
[Site "Loo"]
[Date "2016.04.28"]
[Round "9.44"]
[White "Tukaev, Timur"]
[Black "Kostenko, Kirill"]
[Result "1-0"]
[WhiteElo "1276"]
[BlackElo "1614"]
[PlyCount "65"]
[EventDate "2016.04.20"]

1. e4 c5 2. Nf3 e6 3. Be2 Nc6 4. O-O d6 5. Re1 Nf6 6. Bf1 Be7 7. b3 O-O 8. Bb2
a6 9. c4 Qc7 10. Nc3 Rd8 11. d4 cxd4 12. Nxd4 d5 13. exd5 exd5 14. cxd5 Nxd5
15. Nxd5 Rxd5 16. Bc4 Rd8 17. Qf3 Ne5 18. Qh5 Nxc4 19. bxc4 Bf6 20. Qe2 Bd7 21.
Nf3 Bxb2 22. Qxb2 Be6 23. Re4 Rd6 24. Rae1 h6 25. Nd4 Bxc4 26. Nf5 Rf6 27. Rg4
Rg6 28. Ne7+ Kh8 29. Nxg6+ fxg6 30. Rge4 Rd8 31. h3 Bb5 32. Re7 Rd7 33. Qxg7#
1-0

[Event "Russian Championship B13 1st league 2016"]
[Site "Loo"]
[Date "2016.04.28"]
[Round "9.46"]
[White "Styazhkin, Nikita"]
[Black "Shkrebko, Mikhail"]
[Result "1-0"]
[WhiteElo "1562"]
[BlackElo "1407"]
[PlyCount "73"]
[EventDate "2016.04.20"]

1. e4 c6 2. d4 d5 3. exd5 cxd5 4. Bd3 Nf6 5. c3 Nc6 6. Bf4 e6 7. Nf3 Bd6 8.
Bxd6 Qxd6 9. O-O O-O 10. Re1 Re8 11. Ne5 h6 12. Nd2 Nd7 13. Ndf3 Ndxe5 14. Nxe5
Nxe5 15. Rxe5 Rf8 16. Qh5 f5 17. Rae1 Bd7 18. f4 Rf6 19. R1e3 Be8 20. Qh4 Rg6
21. Bxf5 exf5 22. Rxe8+ Rxe8 23. Rxe8+ Kh7 24. Qd8 Qxd8 25. Rxd8 Ra6 26. Rxd5
Rxa2 27. Rxf5 Rxb2 28. c4 Rb4 29. Rc5 Kg6 30. Kf2 b6 31. Rc6+ Kf5 32. g3 Ke4
33. d5 Rb2+ 34. Ke1 a5 35. Re6+ Kf5 36. g4+ Kxg4 37. d6 1-0

[Event "Russian Championship B13 1st league 2016"]
[Site "Loo"]
[Date "2016.04.28"]
[Round "9.47"]
[White "Kundianok, Vladislav"]
[Black "Kulagin, Timofey"]
[Result "1/2-1/2"]
[WhiteElo "1767"]
[BlackElo "1531"]
[PlyCount "114"]
[EventDate "2016.04.20"]

1. e4 c5 2. Nf3 Nc6 3. c3 d5 4. exd5 Qxd5 5. d4 Bg4 6. Be2 O-O-O 7. c4 Qf5 8.
d5 e6 9. Be3 exd5 10. h3 dxc4 11. Qa4 Bxf3 12. Bxf3 Ne5 13. Be2 Nd3+ 14. Kf1
Nf6 15. Qxc4 Nxb2 16. Qb3 Nd3 17. Qxf7 Qe5 18. Qc4 Qxa1 19. Bxd3 Qe5 20. Bf4
Qd5 21. Qxd5 Rxd5 22. Ke2 Bd6 23. Be3 Re8 24. Nc3 Rde5 25. Kf3 Nd5 26. Nxd5
Rxd5 27. Bxh7 Rf8+ 28. Ke2 Bf4 29. Bxf4 Rxf4 30. Rc1 Ra4 31. Rc2 Rg5 32. g4
Re5+ 33. Kf3 Rd5 34. Be4 Re5 35. Bf5+ Kc7 36. Kg3 b5 37. Bg6 Kd6 38. Bf7 c4 39.
h4 Re4 40. h5 Kc5 41. Kh4 Re5 42. f4 Re7 43. Bg6 b4 44. Bf5 Ra3 45. g5 b3 46.
axb3 Rxb3 47. h6 gxh6 48. gxh6 Rf3 49. Kg5 Rf1 50. Rh2 Re8 51. h7 Rh8 52. Kh6
Rxf4 53. Kg7 Rxf5 54. Kxh8 Rg5 55. Rc2 a5 56. Rxc4+ Kb5 57. Rc8 a4 1/2-1/2

[Event "Russian Championship B13 1st league 2016"]
[Site "Loo"]
[Date "2016.04.28"]
[Round "9.48"]
[White "Buyukli, Egor"]
[Black "Zotkaev, Basang"]
[Result "1-0"]
[WhiteElo "1754"]
[BlackElo "1386"]
[PlyCount "107"]
[EventDate "2016.04.20"]

1. d4 d5 2. Nf3 Nf6 3. Bf4 Bf5 4. c4 e6 5. Nc3 Bb4 6. e3 O-O 7. a3 Bxc3+ 8.
bxc3 Ne4 9. Qb3 b6 10. cxd5 exd5 11. Be2 Bg4 12. O-O Bxf3 13. Bxf3 Nd2 14. Qxd5
Qxd5 15. Bxd5 c6 16. Rfd1 cxd5 17. Rxd2 Nc6 18. f3 Rfe8 19. Re1 Na5 20. Rde2 f5
21. e4 fxe4 22. fxe4 dxe4 23. Rxe4 Kf7 24. Rxe8 Rxe8 25. Rxe8 Kxe8 26. Kf2 Kd7
27. Kf3 Nc4 28. Bc1 Ke6 29. Ke4 Nd6+ 30. Kd3 Kd5 31. Ke3 Kc4 32. Kf4 Kd5 33. g4
h6 34. h4 g6 35. a4 Nf7 36. h5 gxh5 37. gxh5 Ke6 38. Ba3 Ng5 39. Bf8 Nf7 40. c4
Kf6 41. Ke4 Ke6 42. d5+ Kd7 43. Kf5 Ke8 44. Ba3 Kd7 45. Kf6 Ke8 46. d6 Nd8 47.
Kg6 Ne6 48. Kxh6 Kf7 49. d7 a6 50. Bd6 Ng7 51. d8=Q Nf5+ 52. Kg5 Nxd6 53. Qxd6
Kg7 54. h6+ 1-0

[Event "Russian Championship B13 1st league 2016"]
[Site "Loo"]
[Date "2016.04.28"]
[Round "9.49"]
[White "Konotop, Timofey"]
[Black "Zhanazarov, Iskander"]
[Result "0-1"]
[WhiteElo "1524"]
[BlackElo "1746"]
[PlyCount "44"]
[EventDate "2016.04.20"]

1. e4 e5 2. Nf3 Nc6 3. Bc4 Bc5 4. c3 Nf6 5. d4 exd4 6. e5 d5 7. Bb5 Ne4 8. cxd4
Be7 9. Nc3 O-O 10. Bxc6 bxc6 11. O-O f5 12. Nd2 Qe8 13. f3 Ng5 14. f4 Ne4 15.
Ndxe4 fxe4 16. Be3 Qg6 17. Qe1 Rf5 18. Qg3 Qh6 19. Rfd1 Bh4 20. Qh3 Rf8 21. f5
Bxf5 22. g4 Bf2+ 0-1

[Event "Russian Championship B13 1st league 2016"]
[Site "Loo"]
[Date "2016.04.28"]
[Round "9.50"]
[White "Tolstykh, Dmitri"]
[Black "Shvetko, Roman"]
[Result "0-1"]
[WhiteElo "1397"]
[BlackElo "1667"]
[PlyCount "68"]
[EventDate "2016.04.20"]

1. d4 d5 2. c4 e6 3. Nc3 Nf6 4. Nf3 Bb4 5. e3 O-O 6. Bd3 Nc6 7. Bd2 Re8 8. a3
Bxc3 9. Bxc3 dxc4 10. Bxc4 a6 11. O-O b6 12. Be2 Bb7 13. Qc2 h6 14. Rfd1 Qe7
15. Ne5 Nxe5 16. dxe5 Ne4 17. Bf3 Nxc3 18. Qxc3 Bxf3 19. gxf3 Qg5+ 20. Kh1 c5
21. Rd7 Red8 22. Rad1 Rxd7 23. Rxd7 Rd8 24. Rd6 Rxd6 25. exd6 Qd5 26. Qc2 Qxd6
27. Qa4 Kh7 28. Kg2 e5 29. e4 g6 30. Kg3 Kg7 31. h3 Qd4 32. Qxa6 Qxb2 33. Qd3
b5 34. Qd5 c4 0-1

[Event "Russian Championship B13 1st league 2016"]
[Site "Loo"]
[Date "2016.04.28"]
[Round "9.51"]
[White "Shchetkin, Kirill"]
[Black "Karavaev, Aleksandr"]
[Result "0-1"]
[WhiteElo "1465"]
[BlackElo "1662"]
[PlyCount "140"]
[EventDate "2016.04.20"]

1. e4 d6 2. d4 Nf6 3. Nc3 g6 4. f3 Bg7 5. Be3 c6 6. Qd2 b5 7. Bh6 Bxh6 8. Qxh6
Qa5 9. Qd2 Nbd7 10. Bd3 Nb6 11. e5 dxe5 12. dxe5 Nfd7 13. f4 Nc4 14. Bxc4 bxc4
15. Nf3 Rb8 16. Rb1 Nb6 17. O-O Na4 18. Nxa4 Qxa4 19. Qd4 Qxa2 20. Rfd1 O-O 21.
Nd2 Bf5 22. Qc3 Qa4 23. Rdc1 Be6 24. Kh1 Qb5 25. Nf3 Bd5 26. Qe3 Qb6 27. Qe2
Rfd8 28. Rd1 Be6 29. Rxd8+ Rxd8 30. Ng5 c5 31. Nxe6 Qxe6 32. Qe3 Qd5 33. c3
Qd1+ 34. Rxd1 Rxd1+ 35. Qg1 Rxg1+ 36. Kxg1 Kf8 37. Kf2 Ke8 38. Ke3 Kd7 39. Ke4
e6 40. g4 Kc6 41. f5 Kb5 42. fxg6 fxg6 43. Kf4 h6 44. Ke3 Kc6 45. Ke4 a6 46. h4
a5 47. Kf4 Kd5 48. Kf3 Kxe5 49. Ke3 h5 50. Kf3 a4 51. gxh5 gxh5 52. Ke3 Kf5 53.
Kf3 e5 54. Ke3 Kg4 55. Ke4 Kxh4 56. Kxe5 Kg3 57. Kd5 h4 58. Kxc5 h3 59. Kxc4 h2
60. Kb4 h1=Q 61. Kxa4 Qb7 62. b4 Kf4 63. b5 Ke5 64. c4 Kd4 65. Kb4 Qb6 66. Kb3
Qc5 67. Ka4 Qxc4+ 68. Ka5 Qc7+ 69. Ka6 Kc5 70. b6 Qxb6# 0-1

[Event "Russian Championship B13 1st league 2016"]
[Site "Loo"]
[Date "2016.04.28"]
[Round "9.52"]
[White "Ogorodnikov, Nikolai"]
[Black "Novikov, Ivan"]
[Result "0-1"]
[WhiteElo "1633"]
[BlackElo "1330"]
[PlyCount "84"]
[EventDate "2016.04.20"]

1. c4 e6 2. Nc3 f5 3. d3 Nf6 4. g3 d5 5. cxd5 exd5 6. Bg2 Bb4 7. a3 Bc5 8. Bg5
c6 9. e3 O-O 10. Nge2 Qe8 11. b4 Bb6 12. O-O Qg6 13. Bf4 Nbd7 14. Bd6 Re8 15.
Nf4 Qh6 16. h3 Ne5 17. Qb3 g5 18. Nfe2 Nxd3 19. Rad1 Ne5 20. b5 Nf7 21. Qb4 Ne4
22. Nxe4 fxe4 23. Bc5 Bxc5 24. Qxc5 Bxh3 25. Nd4 Bxg2 26. Kxg2 Ne5 27. Rh1 Qf6
28. Rh5 Nd3 29. Qc2 c5 30. Nb3 Qf3+ 31. Kg1 Qxh5 32. Nxc5 Nxc5 33. Rxd5 Nd3 34.
Qb3 Re6 35. b6 axb6 36. Qb5 Qf3 37. Rxg5+ Rg6 38. Rf5 Qd1+ 39. Kg2 Ne1+ 40. Kg1
Nf3+ 41. Kg2 Qg1+ 42. Kh3 Qh2# 0-1

[Event "Russian Championship B13 1st league 2016"]
[Site "Loo"]
[Date "2016.04.28"]
[Round "9.57"]
[White "Usubov, Bogdan"]
[Black "Sarkisian, Artem"]
[Result "0-1"]
[WhiteElo "1493"]
[BlackElo "1220"]
[PlyCount "74"]
[EventDate "2016.04.20"]

1. e4 c6 2. Nc3 d5 3. Nf3 Bg4 4. exd5 cxd5 5. d4 Nc6 6. Be2 Nf6 7. O-O e6 8.
Bg5 Be7 9. h3 Bxf3 10. Bxf3 Qb6 11. Ne2 O-O 12. Rb1 Ne8 13. Bxe7 Nxe7 14. c3
Nf6 15. Qd2 Qd6 16. Ng3 a5 17. a4 Rab8 18. Qd3 Rfc8 19. Nh5 Nxh5 20. Bxh5 Qc6
21. Bd1 b5 22. axb5 Rxb5 23. Ba4 Rcb8 24. Bxb5 Rxb5 25. Qc2 Nf5 26. Qa4 Qb6 27.
Rfc1 h6 28. b3 Nd6 29. b4 axb4 30. Qxb4 Rxb4 31. Rxb4 Qa5 32. Rcb1 Qa2 33. R1b2
Qa1+ 34. Kh2 Nc4 35. R2b3 Qe1 36. Rb7 Qxf2 37. Re7 Ne3 0-1

[Event "Russian Championship B13 1st league 2016"]
[Site "Loo"]
[Date "2016.04.28"]
[Round "9.58"]
[White "Frolov, Artem"]
[Black "Mongush, Kezhik"]
[Result "0-1"]
[WhiteElo "1359"]
[BlackElo "1490"]
[PlyCount "62"]
[EventDate "2016.04.20"]

1. e4 d5 2. exd5 Qxd5 3. Nc3 Qa5 4. d4 Nf6 5. Bd3 c6 6. Nge2 Bg4 7. f3 Bh5 8.
O-O e6 9. Bd2 Qb6 10. Rb1 Bd6 11. Be1 Nbd7 12. Bf2 Qc7 13. Ng3 Bxg3 14. Bxg3
Qd8 15. Be2 Bg6 16. Bd3 a6 17. Ne4 Nxe4 18. fxe4 Qb6 19. Bf2 Qa5 20. a3 Nf6 21.
Qf3 Bh5 22. Qf4 Rd8 23. h3 O-O 24. Qh4 Bg6 25. Rfe1 Qh5 26. c3 Rd7 27. Qg3 Kh8
28. b4 b5 29. Be2 Qh6 30. Be3 Nxe4 31. Bxh6 Nxg3 0-1

[Event "Russian Championship B13 1st league 2016"]
[Site "Loo"]
[Date "2016.04.28"]
[Round "9.59"]
[White "Mamedov, Amin"]
[Black "Zhivotovskii, Dmitrii"]
[Result "1-0"]
[WhiteElo "1358"]
[BlackElo "1457"]
[PlyCount "57"]
[EventDate "2016.04.20"]

1. d4 d5 2. c4 dxc4 3. Nf3 Nf6 4. Nc3 a6 5. e4 b5 6. e5 Nd5 7. a4 Nxc3 8. bxc3
Bb7 9. g3 e6 10. Bg5 Be7 11. Bxe7 Qxe7 12. Bg2 O-O 13. O-O Nd7 14. Qc2 c6 15.
Rfb1 Rfb8 16. Nd2 f6 17. f4 Kh8 18. Ne4 Nb6 19. Nd6 Nc8 20. axb5 axb5 21. Nxb7
Qxb7 22. exf6 gxf6 23. f5 Rxa1 24. Rxa1 exf5 25. Qxf5 Qe7 26. Bxc6 Qe3+ 27. Kh1
Qxc3 28. Qxf6+ Kg8 29. Bd5# 1-0

[Event "Russian Championship B13 1st league 2016"]
[Site "Loo"]
[Date "2016.04.28"]
[Round "9.60"]
[White "Volf, Sergey"]
[Black "Goroshkov, Mikhail"]
[Result "1-0"]
[WhiteElo "1356"]
[BlackElo "1452"]
[PlyCount "91"]
[EventDate "2016.04.20"]

1. d4 d5 2. c4 e6 3. Nc3 Nf6 4. cxd5 exd5 5. Bg5 c6 6. e3 Be7 7. Bd3 Be6 8.
Nge2 Nfd7 9. Bxe7 Qxe7 10. O-O O-O 11. Qc2 g6 12. Rae1 Nb6 13. Ng3 Qd8 14. Rd1
Re8 15. Rfe1 N8d7 16. f3 Nf8 17. e4 Qd7 18. e5 Qc7 19. Nb5 Qd8 20. Nd6 Re7 21.
Qb3 Qd7 22. f4 Bg4 23. Rc1 Nc8 24. Nxc8 Qxc8 25. h3 Bd7 26. Qc2 Ne6 27. Rf1
Nxd4 28. Qc3 Nf5 29. Bxf5 Bxf5 30. Qb4 Re8 31. Nxf5 gxf5 32. Rf3 Kh8 33. Qd4
Qe6 34. Rg3 Rg8 35. Rcc3 Rxg3 36. Rxg3 Rg8 37. Ra3 a6 38. Rb3 Rb8 39. Qa7 Qc8
40. Qd4 Qe6 41. Qa7 Qc8 42. Rg3 h6 43. e6 fxe6 44. Qd4+ e5 45. Qxe5+ Kh7 46.
Qg7# 1-0

[Event "Russian Championship B13 1st league 2016"]
[Site "Loo"]
[Date "2016.04.28"]
[Round "9.61"]
[White "Rublevsky, Mikhail"]
[Black "Mkrtchyan, Mikhail"]
[Result "1/2-1/2"]
[WhiteElo "1237"]
[BlackElo "1452"]
[PlyCount "86"]
[EventDate "2016.04.20"]

1. e4 e5 2. Nf3 Nc6 3. Nc3 Nf6 4. a3 d6 5. d4 exd4 6. Nxd4 Bd7 7. Bf4 Qe7 8. f3
O-O-O 9. Be2 Nh5 10. Be3 f5 11. Nxc6 Bxc6 12. Qd2 Re8 13. O-O fxe4 14. fxe4 Nf6
15. Rae1 Nxe4 16. Nxe4 Bxe4 17. Bd3 g6 18. Bg5 Bh6 19. Bxe7 Bxd2 20. Rxe4 Bh6
21. Rfe1 Kd7 22. Bf6 Rxe4 23. Rxe4 Re8 24. Rxe8 Kxe8 25. Kf2 Kf7 26. Bd4 Ke6
27. Bxa7 b6 28. Bc4+ Kd7 29. Bg8 Bg7 30. Bxh7 Bxb2 31. a4 g5 32. Kf3 d5 33. Kg4
Bf6 34. g3 Kc6 35. h4 gxh4 36. gxh4 Kb7 37. Bxb6 Kxb6 38. Bg8 d4 39. h5 Ka5 40.
Kf5 Bh8 41. Kg6 Kxa4 42. Kf5 Kb4 43. Ke4 Kc3 1/2-1/2

[Event "Russian Championship B13 1st league 2016"]
[Site "Loo"]
[Date "2016.04.28"]
[Round "9.62"]
[White "Romanov, Alamin"]
[Black "Poiseev, Nikita"]
[Result "1-0"]
[WhiteElo "1452"]
[BlackElo "1323"]
[PlyCount "61"]
[EventDate "2016.04.20"]

1. e4 d6 2. d4 Nf6 3. Nc3 g6 4. Nf3 Bg7 5. Be3 Ng4 6. Qd2 Nxe3 7. Qxe3 Nc6 8.
Bb5 Bd7 9. O-O-O h5 10. Kb1 a6 11. Bxc6 Bxc6 12. e5 Bh6 13. Qe2 Bxf3 14. Qxf3
Rb8 15. Rhe1 O-O 16. g4 hxg4 17. Qxg4 e6 18. h4 d5 19. f4 Kh7 20. h5 g5 21. f5
exf5 22. Qxf5+ Kh8 23. Rf1 Bg7 24. h6 Bxh6 25. Rh1 Kg7 26. Rxh6 Rh8 27. Rxh8
Qxh8 28. Qxg5+ Kf8 29. Nxd5 c6 30. Qe7+ Kg7 31. Rg1+ 1-0

[Event "Russian Championship B13 1st league 2016"]
[Site "Loo"]
[Date "2016.04.28"]
[Round "9.68"]
[White "Kuzakov, Dmitriy"]
[Black "Edgeev, Danzan"]
[Result "0-1"]
[WhiteElo "1553"]
[BlackElo "1376"]
[PlyCount "100"]
[EventDate "2016.04.20"]

1. e4 c6 2. d4 d5 3. e5 Bf5 4. Nc3 e6 5. g4 Bg6 6. h4 h6 7. Nge2 c5 8. Be3 Nc6
9. Bg2 cxd4 10. Bxd4 Nxd4 11. Nxd4 Bc5 12. Qd2 Ne7 13. Nb3 Rc8 14. Rd1 Bb6 15.
Rc1 h5 16. g5 Nf5 17. Ne2 Rc4 18. f4 Be3 19. Qd3 Bxc1 20. Nbxc1 Nxh4 21. Qg3
Nxg2+ 22. Qxg2 Be4 23. Qh3 Bxh1 24. Qxh1 Rxc2 25. b3 h4 26. Qh3 Qa5+ 27. Kf2
Qd2 28. Kg1 Rxc1+ 29. Nxc1 Qxc1+ 30. Kh2 Qxf4+ 31. Kg1 Qg3+ 32. Qxg3 hxg3 33.
Kg2 Rh4 34. Kxg3 Re4 35. Kf3 Rxe5 36. Kf4 Re1 37. Kf3 d4 38. Kf2 Re5 39. Kf3 d3
40. Kf4 Re1 41. g6 f6 42. a4 d2 43. a5 d1=Q 44. a6 b6 45. b4 Qd4+ 46. Kf3 Qe5
47. b5 Qf5+ 48. Kg2 Rf1 49. Kh2 Qxg6 50. Kh3 Rh1# 0-1

[Event "Russian Championship B13 1st league 2016"]
[Site "Loo"]
[Date "2016.04.28"]
[Round "9.70"]
[White "Krivich, Ilya"]
[Black "Bochkarev, Maxim"]
[Result "0-1"]
[WhiteElo "1442"]
[BlackElo "1473"]
[PlyCount "62"]
[EventDate "2016.04.20"]

1. d4 d5 2. c4 Nf6 3. Nf3 e6 4. g3 Nbd7 5. Bg2 b6 6. O-O Bd6 7. b3 Bb7 8. Bb2
O-O 9. Qc2 Qe7 10. Nc3 a6 11. Nd2 Rab8 12. e4 dxe4 13. Ndxe4 Bb4 14. Rfe1 Bxe4
15. Bxe4 Nxe4 16. Rxe4 Qg5 17. Rh4 f5 18. a3 Bxc3 19. Qxc3 Nf6 20. Re1 Ne4 21.
Rhxe4 fxe4 22. Rxe4 Qf5 23. Re2 Qf3 24. Qd2 Rbe8 25. Re3 Qg4 26. f4 Rxf4 27.
Re5 Rf5 28. Re3 Ref8 29. d5 Qh3 30. Re1 Rf1+ 31. Rxf1 Rxf1# 0-1